Das gesellschaftliche System der menschlichen Wirtschaft ein Lehr- und Handbuch der Nationalökonomie
Guardado en:
| Formato: | Libro |
|---|---|
| Lenguaje: | alemán |
| Publicado: |
Tübingen
H. Laupp
1867
|
| Etiquetas: |
Sin Etiquetas, Sea el primero en etiquetar este registro!
|
MARC
| LEADER | 00000nam a2200000 4500 | ||
|---|---|---|---|
| 001 | 0307480 | ||
| 005 | 20250305102420.6 | ||
| 041 | 0 | |a ger | |
| 044 | |a DE | ||
| 245 | 1 | 0 | |a Das gesellschaftliche System der menschlichen Wirtschaft |b ein Lehr- und Handbuch der Nationalökonomie |c Albert Schäffle |
| 264 | 1 | |a Tübingen |b H. Laupp |c 1867 | |